La civilización romana /
Guardado en:
| Autor Principal: | |
|---|---|
| Formato: | Libro |
| Publicado: |
Buenos Aires :
Kapelusz,
1973
|
| Series: | Serie de Historia Universal / dirigida por Alfredo Traversoni
|
| Materias: | |
| Etiquetas: |
Agregar Etiqueta
Sin Etiquetas, Sea el primero en etiquetar este registro!
|
| LEADER | 00677nam a22002055a 4500 | ||
|---|---|---|---|
| 001 | CEM.cems009328 | ||
| 005 | 20090226100452.0 | ||
| 008 | 130507s1973##################000#0#####d | ||
| 003 | CEMS | ||
| 082 | 0 | 4 | |a 937 |
| 100 | 1 | |a Celiar, Enrique Mena Segarra | |
| 245 | 1 | 0 | |a La civilización romana / |c Enrique Mena Segarra Celiar |
| 260 | |a Buenos Aires : |b Kapelusz, |c 1973 | ||
| 300 | |a 71 p. | ||
| 490 | 0 | |a Serie de Historia Universal / dirigida por Alfredo Traversoni | |
| 505 | 0 | |a Sumario histórico -- Religión -- Literatura -- Arte -- Derecho | |
| 653 | |a Historia | ||
| 653 | |a Historia de roma | ||
| 653 | |a Roma-historia | ||
| 859 | |a CEMS |b BIB. CEMS - 11 de abril |h 937 |i M52 |p 13683.86 |t Ej.1 | ||
